| 000 | 00376nam a2200145 a 4500 | ||
|---|---|---|---|
| 005 | 20140412111321.0 | ||
| 008 | 010320s19uu xx 00 eng d | ||
| 050 |
_aER _bMa11 1996 |
||
| 245 | _aMajor mistletoe. | ||
| 260 |
_a[s.l.] : _bTormont Publications Inc, _c1996. |
||
| 300 | _a1 v. (unp.) ; ill. | ||
| 650 | _aMistletoe - Fiction | ||
| 999 |
_c104389 _d104389 |
||